000 01278cam a2200217 4500
001 L130693
008 050824n2005 000 0 eng u
035 _a(Sirsi) u130693
041 _aeng
050 _a333.76
_c18
110 _aDepartment for Environment, Food and Rural Affairs
_94094
245 _aEngland rural development programme annual report 2004
260 _aLondon
_bDEFRA
_c2005
300 _a140p
520 _aThis is the fifth annual report to the European Commission on the English Rural Development Programme covering the period 1 January to 31 December 2004. Reports on changes to conditions and policies, progress on measures and priorities, action taken to ensure high quality and effective implementation and measures taken to ensure compatibility with Community policies. Annexes contain regional reports, progress against output targets and common indicator tables for monitoring rural development programming 2000-2006.
520 _aItem not found when searched for on DEFRA website 12/9/2011.
590 _aIKA300805
690 _aPROPERTY-RURAL AND NATURAL ASSETS-RURAL AND NATURAL ASSET DEVELOPMENT
856 _uhttps://www.defra.gov.uk/erdp/docs/ann_rep.htm
_zView the annual report free of charge on www.defra.gov.uk...
942 _n0
999 _c104520
_d104520